| 000 | 01263nam a22002177a 4500 | ||
|---|---|---|---|
| 005 | 20260127155418.0 | ||
| 008 | 230721b ||||| |||| 00| 0 eng d | ||
| 040 |
_cSSBUL _dSSBUL |
||
| 082 |
_223 _a၇၈၄.၂၄ တင် ၁၅၉၉၂ (S-SAT) |
||
| 100 |
_aတင်ထွန်းဦး။ _928254 |
||
| 245 |
_aမြန်မာ့ရိုးရာယဉ်ကျေးမှု ဆိုင်းတူရိယာများ / _cတင်ထွန်းဦး။ |
||
| 260 |
_aရန်ကုန်၊ _bစာပေဗိမာန်၊ _c၂၀၀၇။ |
||
| 300 |
_a၁၆၃ စာမျက်နှာ၊ _c၁၇ စင်တီ။ |
||
| 440 |
_aစာပေဗိမာန်ထုတ်ပြည်သူ့လက်စွဲစာစဉ်။ _927757 |
||
| 500 | _a၁၀၀၅ ခုနှစ်ပခုက္ကူဦးအုံးဖေစာပေဆုကျမ်းစာပေ ပထမဆုရ။ | ||
| 500 | _aS-SAT: Dr. Prof Sai Aung Tun | ||
| 650 |
_aမြန်မာ့ဂီတ _vတူရိယာများ။ _928255 |
||
| 650 |
_aမြန်မာ့ဆိုင်းဝိုင်း။ _928256 |
||
| 650 |
_aဆိုင်းဝိုင်းတူရိယာများ။ _928257 |
||
| 942 |
_2ddc _cBK1 |
||
| 999 |
_c27425 _d27425 |
||